书目信息 |
| 题名: |
发现燕然山铭
|
|
| 作者: | 辛德勇, 著 | |
| 分册: | ||
| 出版信息: | 北京 中华书局 2018.08 |
|
| 页数: | 282页 | |
| 开本: | 21cm | |
| 丛书名: | ||
| 单 册: | ||
| 中图分类: | K877.494 | |
| 科图分类: | ||
| 主题词: | 摩崖石刻--mo ya shi ke--铭文--考证--中国--东汉 | |
| 电子资源: | ||
| ISBN: | 978-7-101-13354-7 | |
| 000 | 00923nam0 2200241 450 | |
| 001 | 202019135051 | |
| 005 | 20191007123107.0 | |
| 010 | @a978-7-101-13354-7@dCNY49.00 | |
| 100 | @a20191002d2018 em y0chiy50 ea | |
| 101 | 0 | @achi |
| 102 | @aCN@b110000 | |
| 105 | @aa z 000yy | |
| 106 | @ar | |
| 200 | 1 | @a发现燕然山铭@Afa xian yan ran shan ming@f辛德勇著 |
| 210 | @a北京@c中华书局@d2018.08 | |
| 215 | @a282页@c彩图@d21cm | |
| 314 | @a辛德勇, 现任北京大学历史系教授。 | |
| 330 | @a作者根据最近发现的燕然山铭, 对燕然山铭的旧传拓本等进行了考证, 最后对燕然山战役进行了历史超历史时空的再现, 对当时的历史战役做了评价。书稿还对燕然山铭与中国石碑的起源做了评述。内容紧扣热点, 文字通达好读, 是一本有出版价值的作品。 | |
| 606 | 0 | @a摩崖石刻@Amo ya shi ke@x铭文@x考证@y中国@z东汉 |
| 690 | @aK877.494@v5 | |
| 701 | 0 | @a辛德勇,@Axin de yong@f1959-@4著 |
| 801 | 0 | @aCN@c20190905 |
| 905 | @a河南城建学院图书馆@dK877.494@eX509 | |
| 发现燕然山铭/辛德勇著.-北京:中华书局,2018.08 |
| 282页:彩图;21cm |
| ISBN 978-7-101-13354-7:CNY49.00 |
| 作者根据最近发现的燕然山铭, 对燕然山铭的旧传拓本等进行了考证, 最后对燕然山战役进行了历史超历史时空的再现, 对当时的历史战役做了评价。书稿还对燕然山铭与中国石碑的起源做了评述。内容紧扣热点, 文字通达好读, 是一本有出版价值的作品。 |
| ● |
| 相关链接 |
|
|
|
正题名:发现燕然山铭
索取号:K877.494/X509
 
预约/预借
| 序号 | 登录号 | 条形码 | 馆藏地/架位号 | 状态 | 备注 |
| 1 | 1443471 | 214434717 | 社科库309/309社科库 8排4列4层/ [索取号:K877.494/X509] | 在馆 | |
| 2 | 1443472 | 214434726 | 社科库309/309社科库 8排4列4层/ [索取号:K877.494/X509] | 在馆 | |
| 3 | 1443473 | 214434735 | 社科库309/309社科库 8排4列4层/ [索取号:K877.494/X509] | 在馆 |